[Event "Open Nuevo Centro. Jornada 3"]
[Site "Chess.com"]
[Date "2020.07.03"]
[Round "7"]
[White "Bercaru, Vlad Ionut"
[Black "Deusa Ballesteros, Luis Miguel"
[Result "1-0"]
[WhiteElo "1916"]
[BlackElo "1532"]
[PlyCount "53"]
[EventDate "2020.??.??"]
1. c4 Nf6 2. Nc3 g6 3. Nf3 Bg7 4. g3 O-O 5. Bg2 d6 6. O-O Nbd7 7. d3 e5 8. Rb1
a5 9. Bg5 h6 10. Bxf6 Nxf6 11. a3 Ne8 12. Qd2 f5 13. Nd5 Nf6 14. b4 Nxd5 15.
cxd5 axb4 16. Qxb4 Qf6 17. Nd2 f4 18. e4 g5 19. Rbc1 Rf7 20. f3 h5 21. Rc2 g4
22. a4 Bf8 23. Qb5 Qg5 24. Qe8 Bd7 25. Qxa8 gxf3 26. Rxf3 fxg3 27. Rxg3 1-0

[Event "Open Nuevo Centro. Jornada 3"]
[Site "Chess.com"]
[Date "2020.07.03"]
[Round "7"]
[White "Morata Briones, Carlos"
[Black "Barber�n P�rez, Guillermo"
[Result "0-1"]
[WhiteElo "926"]
[BlackElo "1594"]
[PlyCount "62"]
[EventDate "2020.??.??"]
1. e4 c5 2. Bc4 e6 3. Nf3 d5 4. exd5 exd5 5. Bb5+ Bd7 6. Bxd7+ Qxd7 7. d3 Nf6
8. Bf4 Nc6 9. Nc3 Bd6 10. O-O Bxf4 11. Re1+ Ne7 12. Ne5 Bxe5 13. Rxe5 O-O 14.
h3 Rfe8 15. Qd2 Nf5 16. Rxe8+ Rxe8 17. Re1 a6 18. Rxe8+ Qxe8 19. Ne2 Qe5 20. d4
Nxd4 21. Nxd4 Qxd4 22. Qe1 Qe4 23. Qd1 d4 24. f3 Qe3+ 25. Kh2 Nh5 26. c3 Nf4
27. cxd4 cxd4 28. Qc2 g6 29. Qc8+ Kg7 30. g4 Qf2+ 31. Kh1 Qg2# 0-1

[Event "Open Nuevo Centro. Jornada 3"]
[Site "Chess.com"]
[Date "2020.07.03"]
[Round "7"]
[White "Mingarro Carceller, Sergi"
[Black "Roca Cruz, Rafael"
[Result "1-0"]
[WhiteElo "2075"]
[BlackElo "1836"]
[PlyCount "43"]
[EventDate "2020.??.??"]
1. e4 c5 2. Nf3 e6 3. g3 Nc6 4. Bg2 d6 5. O-O Be7 6. c3 Nf6 7. Re1 O-O 8. d4 d5
9. e5 Nd7 10. h4 h6 11. Bf4 g5 12. hxg5 hxg5 13. Be3 f5 14. exf6 Bxf6 15. Qd2
g4 16. Nh2 cxd4 17. cxd4 Qb6 18. Nxg4 Bxd4 19. Nc3 Bxe3 20. Rxe3 d4 21. Rxe6
dxc3 22. Qg5+ 1-0

[Event "Open Nuevo Centro. Jornada 3"]
[Site "Chess.com"]
[Date "2020.07.03"]
[Round "7"]
[White "Fern�ndez Martin, Carlos"
[Black "Grigorev, Artur "
[Result "1-0"]
[WhiteElo "1611"]
[BlackElo "946"]
[PlyCount "53"]
[EventDate "2020.??.??"]
1. e4 e5 2. Nf3 Nc6 3. d4 d6 4. Bb5 Bd7 5. d5 Nf6 6. dxc6 Bxc6 7. Bxc6+ bxc6 8.
O-O Nxe4 9. Re1 d5 10. Nxe5 Qe7 11. Nxc6 Qe6 12. Nd4 Qb6 13. f3 c5 14. fxe4
cxd4 15. exd5+ Be7 16. Qe2 d3+ 17. Qe3 Qxe3+ 18. Bxe3 O-O 19. cxd3 Bf6 20. Nc3
Rae8 21. d4 a6 22. Rad1 Rc8 23. Ne4 Rfe8 24. Nd6 Rxe3 25. Rxe3 Bxd4 26. Rxd4
Rd8 27. Rde4 1-0

[Event "Open Nuevo Centro. Jornada 3"]
[Site "Chess.com"]
[Date "2020.07.03"]
[Round "7"]
[White "Mart�nez Cuenca, Adri�n "
[Black "Rabbani Perez, Oumaima "
[Result "0-1"]
[WhiteElo "690"]
[BlackElo "630"]
[PlyCount "62"]
[EventDate "2020.??.??"]
1. e4 e5 2. Bc4 Bc5 3. Qh5 Qf6 4. Qxf7+ Qxf7 5. Nf3 Qxc4 6. d3 Qxc2 7. Na3 Qxd3
8. Bg5 Nh6 9. Bxh6 gxh6 10. Ng5 hxg5 11. Rd1 Qc2 12. Rd5 Bxa3 13. bxa3 Qxa2 14.
Rxe5+ Kd8 15. f4 gxf4 16. g3 f3 17. O-O f2+ 18. Rxf2 Qb1+ 19. Kg2 Nc6 20. Rg5
Ne7 21. Rf6 Ng8 22. Rh6 Nxh6 23. Re5 Ng4 24. Rg5 Qxe4+ 25. Kf1 Qc2 26. Ke1 Re8+
27. Kf1 Qe2+ 28. Kg1 Qd2 29. Rg8 Rxg8 30. h3 Re8 31. hxg4 Re1# 0-1

[Event "Open Nuevo Centro. Jornada 3"]
[Site "Chess.com"]
[Date "2020.07.03"]
[Round "7"]
[White "Aguado, Pablo Luis"
[Black "Saiz Sapena, Veronica"
[Result "1-0"]
[WhiteElo "1867"]
[BlackElo "1526"]
[PlyCount "63"]
[EventDate "2020.??.??"]
1. d4 d5 2. c4 c6 3. Nc3 Nf6 4. e3 a6 5. Nf3 Bg4 6. Be2 b5 7. cxd5 cxd5 8. O-O
e6 9. Ne5 Bxe2 10. Qxe2 Bd6 11. f4 O-O 12. g4 Bxe5 13. dxe5 Ne4 14. Nxe4 dxe4
15. Rd1 Qb6 16. Qg2 f5 17. exf6 Rxf6 18. Qxe4 Nc6 19. Bd2 Rd8 20. Rac1 Ne7 21.
Bc3 Rf7 22. Rxd8+ Qxd8 23. Qxe6 Nd5 24. Bd4 Nxf4 25. exf4 Qxd4+ 26. Kh1 Qc4 27.
Rxc4 bxc4 28. Qxc4 Kf8 29. Qxa6 Ke7 30. Qb7+ Kf6 31. Qxf7+ Kxf7 32. a4 1-0

[Event "Open Nuevo Centro. Jornada 3"]
[Site "Chess.com"]
[Date "2020.07.03"]
[Round "7"]
[White "Pallardo Lozoya, Jose Vicente"
[Black "Martinez Hernandez, Paula"
[Result "1-0"]
[WhiteElo "2240"]
[BlackElo "2042"]
[PlyCount "77"]
[EventDate "2020.??.??"]
1. e4 c6 2. Nc3 d5 3. d4 dxe4 4. Nxe4 Bf5 5. Ng3 Bg6 6. Nh3 e6 7. c3 Bd6 8. Bc4
Nf6 9. O-O Nbd7 10. f4 Qc7 11. Kh1 O-O-O 12. Qf3 Nd5 13. Ne4 Bxe4 14. Qxe4 N7f6
15. Qf3 Nd7 16. Ng5 N7b6 17. Bb3 h6 18. Ne4 f5 19. Nxd6+ Qxd6 20. c4 Nxc4 21.
Bxc4 Nb6 22. Bb3 Qxd4 23. Bxe6+ Kb8 24. Bxf5 Rhf8 25. Be6 Qf6 26. Bb3 Rd4 27.
Be3 Rd7 28. Bc5 Rfd8 29. Rad1 Qxb2 30. Rxd7 Nxd7 31. Bd6+ Ka8 32. Qe3 Nb6 33.
Bc7 Rc8 34. Bxb6 axb6 35. Qxb6 Qe2 36. Qa5+ Kb8 37. Qe5+ Qxe5 38. fxe5 Re8 39.
e6 1-0

[Event "Open Nuevo Centro. Jornada 3"]
[Site "Chess.com"]
[Date "2020.07.03"]
[Round "7"]
[White "Remolar Gallen, Jose"
[Black "Campos Gambuti, Luis Mar�a"
[Result "0-1"]
[WhiteElo "2333"]
[BlackElo "2515"]
[PlyCount "56"]
[EventDate "2020.??.??"]
1. d4 d5 2. c4 dxc4 3. e4 e5 4. Nf3 exd4 5. Bxc4 Bb4+ 6. Nbd2 Nc6 7. O-O Nf6 8.
e5 Nd5 9. h3 O-O 10. Ne4 Be7 11. Re1 Bf5 12. Ng3 Bg6 13. e6 Nb6 14. exf7+ Bxf7
15. Bxf7+ Rxf7 16. Re4 Bf6 17. Bf4 Qd5 18. Qd3 Raf8 19. a3 Na4 20. Re2 Nc5 21.
Qd2 d3 22. Ree1 Nb3 23. Qd1 Nxa1 24. Qxa1 Bxb2 25. Qxb2 Rxf4 26. Re3 Rxf3 27.
Nh5 R3f7 28. Rf3 d2 0-1

[Event "Open Nuevo Centro. Jornada 3"]
[Site "Chess.com"]
[Date "2020.07.03"]
[Round "7"]
[White "Garrido Silos, Pablo"
[Black "Mart�nez Cuenca, Jose Andr�s"
[Result "1-0"]
[WhiteElo "1371"]
[BlackElo "998"]
[PlyCount "79"]
[EventDate "2020.??.??"]
1. e4 c5 2. c3 e5 3. Nf3 Nc6 4. d4 cxd4 5. cxd4 Qe7 6. dxe5 Nxe5 7. Nxe5 Qxe5
8. Nc3 Bb4 9. Bd2 Bxc3 10. Bxc3 Qxe4+ 11. Qe2 Qxe2+ 12. Bxe2 Nf6 13. Bxf6 gxf6
14. O-O d6 15. Rad1 Ke7 16. Rfe1 Kd7 17. Bg4+ Kc7 18. Bxc8 Raxc8 19. Re7+ Kd8
20. Rxf7 Rc7 21. Rxd6+ Ke8 22. Rxc7 Rg8 23. Rxb7 Rg5 24. Rc6 Kd8 25. Rxf6 Ke8
26. Rxh7 Rd5 27. g3 Rd1+ 28. Kg2 Rd5 29. Rc6 Kd8 30. Rg6 Re5 31. Rg8+ Re8 32.
Rxe8+ Kxe8 33. Rxa7 Kd8 34. Rg7 Ke8 35. a4 Kf8 36. Rb7 Ke8 37. a5 Kd8 38. a6
Kc8 39. h4 Kd8 40. a7 1-0

[Event "Open Nuevo Centro. Jornada 3"]
[Site "Chess.com"]
[Date "2020.07.03"]
[Round "7"]
[White "Donate Moreno, David"
[Black "G�mez Alonso, �scar"
[Result "0-1"]
[WhiteElo "1535"]
[BlackElo "1784"]
[PlyCount "60"]
[EventDate "2020.??.??"]
1. e4 c5 2. Nf3 e6 3. d4 cxd4 4. Nxd4 Nf6 5. Nc3 Nc6 6. Be3 a6 7. f3 Bb4 8. Qd2
Qc7 9. O-O-O d5 10. Nxc6 bxc6 11. exd5 Nxd5 12. Bg5 O-O 13. Bc4 Nxc3 14. bxc3
Ba3+ 15. Kb1 Rb8+ 16. Bb3 a5 17. Bf4 e5 18. Bg5 a4 19. Bd8 Qb7 20. Qg5 h6 21.
Qg3 axb3 22. cxb3 Bf5+ 23. Ka1 Rbxd8 24. Rxd8 Rxd8 25. Qxe5 Qd7 26. Qe1 Qd2 27.
Qxd2 Rxd2 28. g4 Bg6 29. Re1 Rxh2 30. c4 Bb2# 0-1

[Event "Open Nuevo Centro. Jornada 3"]
[Site "Chess.com"]
[Date "2020.07.03"]
[Round "7"]
[White "Donate Peris, Jose Manuel"
[Black "URSARIU, NIKOLAS VICTOR"
[Result "1-0"]
[WhiteElo "1556"]
[BlackElo "1016"]
[PlyCount "95"]
[EventDate "2020.??.??"]
1. d4 d5 2. c4 dxc4 3. e4 Nf6 4. e5 Nfd7 5. Bxc4 Nc6 6. Qf3 Ncxe5 7. dxe5 Nxe5
8. Qb3 Nxc4 9. Qxc4 Be6 10. Qc3 Bf5 11. Nf3 e6 12. O-O Be7 13. Bf4 Rc8 14. Be5
Bf6 15. Bxf6 Qxf6 16. Qxf6 gxf6 17. Nc3 Rd8 18. Rad1 Rxd1 19. Rxd1 Rg8 20. Rd2
Rg4 21. Nd4 Ke7 22. Nxf5+ exf5 23. f3 Rb4 24. Nd5+ Ke6 25. Nxb4 Ke7 26. Kf2 Ke6
27. Ke3 Ke7 28. Kf4 Ke6 29. Re2+ Kd6 30. Kxf5 Kc5 31. a3 Kc4 32. Re7 Kb3 33.
Rxc7 Kxb2 34. Rxb7 Kxa3 35. Nd5 Ka4 36. Rxa7+ Kb3 37. Rxf7 h6 38. Rc7 Kb2 39.
Ke4 Kb3 40. Kd3 h5 41. Rb7+ Ka4 42. Kc4 Ka3 43. Nxf6 Ka2 44. Nxh5 Ka1 45. Kc3
Ka2 46. Rb8 Ka1 47. Kc2 Ka2 48. Ra8# 1-0

[Event "Open Nuevo Centro. Jornada 3"]
[Site "Chess.com"]
[Date "2020.07.03"]
[Round "7"]
[White "Bosch Jord�, Ricard"
[Black "Valma�a Cant�, Jaime"
[Result "0-1"]
[WhiteElo "1848"]
[BlackElo "2402"]
[PlyCount "52"]
[EventDate "2020.??.??"]
1. e4 e6 2. d4 d5 3. Nd2 Ne7 4. Bd3 g6 5. c3 Bg7 6. e5 b6 7. Ngf3 O-O 8. O-O
Ba6 9. Bxa6 Nxa6 10. Nb3 c5 11. Bg5 h6 12. Be3 Rc8 13. Qd2 Nf5 14. Bf4 g5 15.
g4 Ne7 16. Bg3 Ng6 17. Kg2 f5 18. gxf5 Rxf5 19. h3 Qc7 20. Rac1 c4 21. Na1 Rcf8
22. Nh2 h5 23. f3 Bh6 24. Nc2 Kh7 25. Qe2 h4 26. Be1 Nf4+ 0-1

[Event "Open Nuevo Centro. Jornada 3"]
[Site "Chess.com"]
[Date "2020.07.03"]
[Round "7"]
[White "Gimenez Saiz, Jose Raul"
[Black "Pardo Ruiz, Carlos"
[Result "0-1"]
[WhiteElo "1560"]
[BlackElo "1811"]
[PlyCount "98"]
[EventDate "2020.??.??"]
1. d4 c5 2. e3 Nf6 3. Bd3 d5 4. Nd2 Nc6 5. f4 Bg4 6. Ngf3 e6 7. c3 Be7 8. O-O
O-O 9. Qc2 c4 10. Be2 Bf5 11. Qd1 b5 12. Ne5 Nxe5 13. fxe5 Ne4 14. Nxe4 Bxe4
15. Bf3 Bxf3 16. Qxf3 f6 17. exf6 Rxf6 18. Qe2 Rxf1+ 19. Qxf1 Qf8 20. Qxf8+
Rxf8 21. Bd2 a5 22. a4 b4 23. cxb4 axb4 24. a5 Ra8 25. Ra4 Kf7 26. Bxb4 Bxb4
27. Rxb4 Rxa5 28. Rb7+ Kf6 29. Kf2 Ra1 30. h3 Rc1 31. Kf3 c3 32. bxc3 Rxc3 33.
Kf4 h5 34. g4 g5+ 35. Kf3 h4 36. Rb8 Rc7 37. Rf8+ Rf7 38. Rxf7+ Kxf7 39. e4 Ke7
40. e5 Kd7 41. Ke3 Kc6 42. Kd3 Kb5 43. Kc3 Ka4 44. Kc2 Kb4 45. Kd3 Kb3 46. Ke2
Kc3 47. Ke3 Kc4 48. Ke2 Kxd4 49. Kd2 Kxe5 0-1

[Event "Open Nuevo Centro. Jornada 3"]
[Site "Chess.com"]
[Date "2020.07.03"]
[Round "7"]
[White "Gukasov, Artem"
[Black "Zamora Soler, Raul"
[Result "0-1"]
[WhiteElo "1520"]
[BlackElo "1784"]
[PlyCount "92"]
[EventDate "2020.??.??"]
1. e4 c5 2. Nf3 Nc6 3. d4 cxd4 4. Nxd4 Nf6 5. Nc3 e6 6. Be3 Bb4 7. Be2 Nxe4 8.
Qd3 Bxc3+ 9. bxc3 d5 10. Nxc6 bxc6 11. O-O O-O 12. Rad1 Qa5 13. Bf3 Ba6 14. Qd4
Bxf1 15. Rxf1 Qxc3 16. Bxe4 Qxd4 17. Bxh7+ Kxh7 18. Bxd4 f6 19. Bc5 Rfb8 20. f4
Rb5 21. Bd6 Kg6 22. g4 Rb2 23. f5+ exf5 24. gxf5+ Kf7 25. Re1 Re8 26. Rc1 Re2
27. a3 Rbxc2 28. Rb1 Rg2+ 29. Kf1 Rcf2+ 30. Ke1 Rg1+ 31. Kxf2 Rxb1 32. Bc5 Rb3
33. Bb4 g6 34. fxg6+ Kxg6 35. Kg2 Kh5 36. Bd6 Kg4 37. Bb4 Rb2+ 38. Kf1 Kh3 39.
Bc3 Rb3 40. Bd4 Rxa3 41. Ke2 f5 42. Bc5 Rb3 43. Bxa7 Kxh2 44. Kd1 Kg2 45. Kc2
Ra3 46. Kb2 Rxa7 0-1

[Event "Open Nuevo Centro. Jornada 3"]
[Site "Chess.com"]
[Date "2020.07.03"]
[Round "7"]
[White "Birnoveanu, Petru"
[Black "Luque Saiz, Andr�s"
[Result "0-1"]
[WhiteElo "1677"]
[BlackElo "1965"]
[PlyCount "44"]
[EventDate "2020.??.??"]
1. e4 c6 2. d4 d5 3. exd5 cxd5 4. f4 Nc6 5. Nf3 Bg4 6. c3 e6 7. Be2 Bd6 8. O-O
Nf6 9. Nbd2 Bxf4 10. Nb3 Bd6 11. Bg5 h6 12. Bxf6 gxf6 13. Nh4 f5 14. g3 Rg8 15.
Bxg4 Rxg4 16. Kh1 Qc7 17. Qe1 O-O-O 18. Rf3 Rdg8 19. Rc1 f4 20. h3 Rxg3 21. Qf2
Qe7 22. Rxg3 fxg3 0-1

[Event "Open Nuevo Centro. Jornada 3"]
[Site "Chess.com"]
[Date "2020.07.03"]
[Round "7"]
[White "Sampedro Roig, Josep Francesc"
[Black "Mart�nez Albelda, Mariela"
[Result "1-0"]
[WhiteElo "1783"]
[BlackElo "1018"]
[PlyCount "71"]
[EventDate "2020.??.??"]
1. e4 e5 2. Nf3 Nc6 3. Bb5 Nf6 4. O-O Bc5 5. c3 d6 6. d4 exd4 7. cxd4 Bb4 8. a3
Ba5 9. b4 Bb6 10. d5 a6 11. Ba4 Bd4 12. Nxd4 b5 13. Nxc6 Qd7 14. Bc2 O-O 15.
Nc3 Qg4 16. Ne7+ Kh8 17. Nxc8 Qxc8 18. Bg5 Ng4 19. h3 Nh6 20. Qd2 f6 21. Bxh6
gxh6 22. Qxh6 Rf7 23. Ne2 Qg8 24. Nf4 Qg5 25. Qxg5 fxg5 26. Ne6 Re8 27. Nxg5
Rg7 28. Ne6 Rg6 29. e5 dxe5 30. Bxg6 Rg8 31. Bf7 Rb8 32. Rac1 e4 33. Rxc7 Ra8
34. Rfc1 h5 35. Bg6 Rg8 36. Rh7# 1-0

[Event "Open Nuevo Centro. Jornada 3"]
[Site "Chess.com"]
[Date "2020.07.03"]
[Round "7"]
[White "Castellano L�pez, Javier"
[Black "Kovacevic, Slobodan"
[Result "0-1"]
[WhiteElo "1835"]
[BlackElo "2108"]
[PlyCount "66"]
[EventDate "2020.??.??"]
1. d4 Nf6 2. c4 e6 3. Nc3 c5 4. d5 d6 5. e4 g6 6. Nf3 Bg7 7. Bd3 exd5 8. exd5
O-O 9. O-O Na6 10. a3 Nc7 11. Qc2 a6 12. a4 b6 13. Bg5 Rb8 14. Rab1 h6 15. Bf4
Nh5 16. Bg3 Nxg3 17. hxg3 Bd7 18. Rfe1 Kh7 19. b3 b5 20. Nd2 Rb6 21. Re2 Re8
22. Rbe1 Rxe2 23. Rxe2 Qf8 24. Nf3 bxa4 25. bxa4 Rb4 26. a5 Qd8 27. Ne4 Ne8 28.
Qa2 Qb8 29. Bc2 Rb2 30. Qa3 Kg8 31. Nc3 Qb4 32. Qxb4 cxb4 33. Nd1 Ra2 0-1

[Event "Open Nuevo Centro. Jornada 3"]
[Site "Chess.com"]
[Date "2020.07.03"]
[Round "7"]
[White "Carbonell Bofill, Carlos Eloy"
[Black "Salvador Buiza, Victor"
[Result "1-0"]
[WhiteElo "1991"]
[BlackElo "1833"]
[PlyCount "81"]
[EventDate "2020.??.??"]
1. d4 d5 2. Nf3 Nf6 3. Bg5 e6 4. Nbd2 Bd6 5. c3 O-O 6. Qc2 c5 7. e4 dxe4 8.
Nxe4 Be7 9. Nxc5 Bxc5 10. dxc5 Nbd7 11. b4 a5 12. Bd3 Qc7 13. O-O e5 14. Rfe1
Re8 15. Bb5 e4 16. Bxf6 gxf6 17. Rxe4 Rxe4 18. Qxe4 Ne5 19. Nd4 axb4 20. cxb4
b6 21. Qxa8 bxc5 22. Ba6 Qb6 23. Qxc8+ Kg7 24. Nf5+ Kg6 25. Ne7+ Kh5 26. Be2+
Kh6 27. Qf8+ Kg5 28. Qg7+ Ng6 29. h4+ Kf4 30. Nd5+ Ke4 31. Bf3+ Kd4 32. Rd1+
Kc4 33. Nxb6+ Kb5 34. bxc5 Ne5 35. Qxf6 Nxf3+ 36. Qxf3 h5 37. Qb3+ Ka6 38. Rd6
f5 39. Nc8+ Ka5 40. Ra6+ Kxa6 41. Qb6# 1-0

[Event "Open Nuevo Centro. Jornada 3"]
[Site "Chess.com"]
[Date "2020.07.03"]
[Round "7"]
[White "Hern�ndez Tom�s, Efr�n"
[Black "Galcin Plitnikas, Artiom"
[Result "0-1"]
[WhiteElo "984"]
[BlackElo "1318"]
[PlyCount "78"]
[EventDate "2020.??.??"]
1. e4 c5 2. Nf3 Nc6 3. Bc4 Nf6 4. d3 g6 5. Ng5 e6 6. Nf3 Bg7 7. Bg5 O-O 8. e5
Nd4 9. Nxd4 cxd4 10. Bxf6 Bxf6 11. exf6 Qxf6 12. c3 dxc3 13. Nxc3 d5 14. Bb5 d4
15. Ne4 Qe5 16. Bc4 Bd7 17. O-O Bb5 18. Bxb5 Qxb5 19. Nf6+ Kh8 20. Qb3 Qf5 21.
Ne4 Rac8 22. Qxb7 Rc2 23. Qb3 Re2 24. Rae1 Rxe1 25. Rxe1 Kg7 26. f3 Qh5 27. Qb7
Kg8 28. Qxa7 f5 29. Nf6+ Rxf6 30. Qxd4 Rf8 31. Rxe6 Rc8 32. Re7 Rc1+ 33. Kf2
Rc2+ 34. Ke3 Qg5+ 35. Qf4 Qxe7+ 36. Kd4 Qd7+ 37. Ke5 Rc6 38. Qd4 Re6+ 39. Kf4
Qxd4+ 0-1

[Event "Open Nuevo Centro. Jornada 3"]
[Site "Chess.com"]
[Date "2020.07.03"]
[Round "7"]
[White "Miranda Calvo, Max Rodrigo"
[Black "Albentosa Ferrada, Adrian"
[Result "1-0"]
[WhiteElo "1243"]
[BlackElo "923"]
[PlyCount "67"]
[EventDate "2020.??.??"]
1. e4 e5 2. Nf3 Nc6 3. Bc4 Nf6 4. Ng5 d5 5. exd5 Na5 6. Bb5+ c6 7. dxc6 bxc6 8.
Ba4 h6 9. Qf3 hxg5 10. b4 Nc4 11. Bxc6+ Bd7 12. Bxa8 e4 13. Qc3 Qxa8 14. Qxc4
Qc6 15. Qxc6 Bxc6 16. O-O Ng4 17. h3 Nf6 18. d3 exd3 19. cxd3 Bxb4 20. Bxg5 Nd5
21. Nd2 Bxd2 22. Bxd2 Bb5 23. Rfe1+ Kd7 24. Be3 a6 25. Ba7 Bxd3 26. Red1 Be4
27. f3 Bxf3 28. gxf3 Rxh3 29. Rxd5+ Kc6 30. Rad1 Rg3+ 31. Kf2 Rh3 32. Rc5+ Kb7
33. Rd7+ Ka8 34. Rc8# 1-0

[Event "Open Nuevo Centro. Jornada 3"]
[Site "Chess.com"]
[Date "2020.07.03"]
[Round "7"]
[White "Sim� Serrano, Javier"
[Black "Elenkov Olmo, Ivan"
[Result "0-1"]
[WhiteElo "710"]
[BlackElo "933"]
[PlyCount "70"]
[EventDate "2020.??.??"]
1. d4 d5 2. Bf4 Nc6 3. e3 e6 4. Nc3 Bb4 5. a3 Bxc3+ 6. bxc3 Nf6 7. Bd3 Ne4 8.
Bxe4 dxe4 9. f3 exf3 10. Nxf3 O-O 11. Ne5 Nxe5 12. Bxe5 Qd5 13. h4 Qxg2 14. Rf1
f6 15. Bxc7 Bd7 16. Bd6 Rfc8 17. Rf4 Qg3+ 18. Kf1 Qxe3 19. Rf3 Qh6 20. Bf4 Qxh4
21. Bg3 Qh3+ 22. Kg1 Bc6 23. d5 Bxd5 24. Qd3 Bxf3 25. Qxf3 Qf5 26. Qxb7 Qxc2
27. Rb1 Qxc3 28. Rb3 Qc1+ 29. Kg2 Rab8 30. Bxb8 Rc2+ 31. Kf3 Qh1+ 32. Ke3 Qh3+
33. Kd4 Rd2+ 34. Kc4 Qh4+ 35. Kc3 Qd4# 0-1

[Event "Open Nuevo Centro. Jornada 3"]
[Site "Chess.com"]
[Date "2020.07.03"]
[Round "7"]
[White "Marques Montolio, Luis"
[Black "Chofre Murcia, Adri�n"
[Result "0-1"]
[WhiteElo "1256"]
[BlackElo "1684"]
[PlyCount "112"]
[EventDate "2020.??.??"]
1. e4 e5 2. Nf3 Nc6 3. Bb5 Bc5 4. c3 Nf6 5. d3 a6 6. Ba4 b5 7. Bc2 O-O 8. O-O
Re8 9. h3 d6 10. Re1 Qe7 11. Nbd2 Bb6 12. Nf1 Bd7 13. Ng3 Ra7 14. Bg5 h6 15.
Be3 Bxe3 16. Rxe3 Bc8 17. Nh2 Rf8 18. Re1 Na5 19. Rf1 Nb7 20. Qe2 Nc5 21. Qe3
Ra8 22. f4 exf4 23. Qxf4 Ne6 24. Qf2 Ng5 25. Nf5 Bxf5 26. Qxf5 Rab8 27. Ng4
Nxg4 28. Qxg4 b4 29. c4 Qe5 30. Rab1 a5 31. Rf5 Qd4+ 32. Kh2 Ra8 33. b3 Qc3 34.
Qe2 Qd4 35. Rbf1 Qb2 36. h4 Ne6 37. g4 Nd4 38. Qf2 Qxc2 39. Qxc2 Nxc2 40. g5
Ne3 41. R5f3 Nxf1+ 42. Rxf1 hxg5 43. hxg5 g6 44. Kg3 Kg7 45. Kg4 Rh8 46. Rf2
Rh5 47. d4 Re8 48. Re2 c6 49. e5 dxe5 50. dxe5 Re6 51. Re4 Rh2 52. Rd4 Rxa2 53.
c5 Rc2 54. Rd6 Rxd6 55. cxd6 Rd2 56. Kf4 Rd5 0-1

[Event "Open Nuevo Centro. Jornada 3"]
[Site "Chess.com"]
[Date "2020.07.03"]
[Round "7"]
[White "Lloret Ramis, Juan Jos�"
[Black "Benday�n Claros, Aaron"
[Result "0-1"]
[WhiteElo "1968"]
[BlackElo "1911"]
[PlyCount "72"]
[EventDate "2020.??.??"]
1. c4 e6 2. Nc3 d5 3. d4 c6 4. e4 dxe4 5. Nxe4 Bb4+ 6. Nc3 Nf6 7. Nf3 O-O 8.
Bg5 Nbd7 9. a3 Bxc3+ 10. bxc3 Qa5 11. Qc2 h6 12. Bh4 b5 13. Bd3 a6 14. O-O Bb7
15. Ne5 c5 16. Nxd7 Nxd7 17. Rab1 Bc6 18. Be7 Rfe8 19. Bd6 bxc4 20. Bxc4 cxd4
21. cxd4 Nf6 22. Be5 Be4 23. Bd3 Bxd3 24. Qxd3 Nd5 25. f4 Rac8 26. f5 Rc3 27.
Qe4 Re3 28. Qg4 Rxe5 29. dxe5 Ne3 30. Qg3 Nxf1 31. Rxf1 exf5 32. Rxf5 Qc5+ 33.
Qf2 Qc1+ 34. Qf1 Qe3+ 35. Kh1 Rc8 36. h3 Rc1 0-1

[Event "Open Nuevo Centro. Jornada 3"]
[Site "Chess.com"]
[Date "2020.07.03"]
[Round "7"]
[White "Perrot, Fabien "
[Black "Alvarez Usina, Jordi"
[Result "0-1"]
[WhiteElo "983"]
[BlackElo "1273"]
[PlyCount "58"]
[EventDate "2020.??.??"]
1. d4 d5 2. Nf3 Bf5 3. c4 e6 4. Bf4 Nf6 5. e3 Bd6 6. Bxd6 Qxd6 7. c5 Qd8 8. Ne5
c6 9. Nc3 Nbd7 10. Bd3 Nxe5 11. dxe5 Ne4 12. Nxe4 dxe4 13. Bc4 Qc7 14. Qd6 Qa5+
15. Qd2 Qxc5 16. Bb3 O-O 17. Ke2 Rad8 18. Qc2 Qxe5 19. h3 Rd6 20. g4 Bg6 21. h4
h6 22. h5 Bh7 23. Rac1 Rfd8 24. Rhd1 Rxd1 25. Rxd1 Rxd1 26. Kxd1 Qg5 27. Qd2
Qxg4+ 28. Kc2 Qg5 29. Qd8+ Qxd8 0-1

[Event "Open Nuevo Centro. Jornada 3"]
[Site "Chess.com"]
[Date "2020.07.03"]
[Round "7"]
[White "Valverde Alcaide, Miguel Alejandro"
[Black "Colomer Martinez, Isabel"
[Result "0-1"]
[WhiteElo "854"]
[BlackElo "1183"]
[PlyCount "54"]
[EventDate "2020.??.??"]
1. e4 e5 2. Nf3 Nc6 3. d4 exd4 4. Nxd4 Nf6 5. Qd3 Nxd4 6. Qxd4 Qe7 7. e5 Ng8 8.
h4 g6 9. Bg5 Qe6 10. Nc3 f6 11. Bxf6 Nxf6 12. Be2 Ng8 13. O-O-O Bg7 14. f4 b6
15. Nb5 Kd8 16. Qe4 d5 17. Nd4 dxe4 18. Nxe6+ Ke7 19. Nxc7 Rb8 20. Nd5+ Ke6 21.
Bg4+ Kf7 22. Bxc8 Rxc8 23. Rhe1 Ne7 24. Nxe7 Kxe7 25. Rxe4 Rc7 26. e6 Rhc8 27.
c3 b5 0-1

[Event "Open Nuevo Centro. Jornada 3"]
[Site "Chess.com"]
[Date "2020.07.03"]
[Round "7"]
[White "Cruz LLedo, Pablo"
[Black "Yuste Valenzuela, Alejandro"
[Result "1/2-1/2"]
[WhiteElo "2490"]
[BlackElo "1863"]
[PlyCount "98"]
[EventDate "2020.??.??"]
1. c4 e5 2. Nc3 Nc6 3. g3 f5 4. Bg2 Nf6 5. e3 Bb4 6. Nge2 Bxc3 7. Nxc3 O-O 8.
O-O d6 9. Rb1 Qe8 10. b4 f4 11. d4 Bg4 12. f3 Bd7 13. dxe5 dxe5 14. exf4 exf4
15. Bxf4 Kh8 16. Nb5 Qf7 17. Nxc7 Rad8 18. Nd5 Be6 19. b5 Bxd5 20. cxd5 Nxd5
21. Qc1 Nd4 22. Rf2 Nxf4 23. gxf4 Qxf4 24. Qxf4 Rxf4 25. b6 a6 26. Rc1 Nc6 27.
Re2 g6 28. Rce1 Kg7 29. Re8 Rxe8 30. Rxe8 Rb4 31. f4 Rxb6 32. Bxc6 bxc6 33. Rc8
Rb1+ 34. Kf2 Rb2+ 35. Kg3 Rxa2 36. Rxc6 a5 37. h4 h5 38. f5 gxf5 39. Kf4 a4 40.
Kxf5 a3 41. Kg5 Ra1 42. Rc7+ Kf8 43. Kxh5 a2 44. Ra7 Kg8 45. Kh6 Rh1 46. Rxa2
Rxh4+ 47. Kg6 Rg4+ 48. Kf6 Rf4+ 49. Ke6 Rf1 1/2-1/2

[Event "Open Nuevo Centro. Jornada 3"]
[Site "Chess.com"]
[Date "2020.07.03"]
[Round "7"]
[White "Maestre Soler, Sergio"
[Black "Ainsa Jimenez, Lucas"
[Result "0-1"]
[WhiteElo "885"]
[BlackElo "1020"]
[PlyCount "82"]
[EventDate "2020.??.??"]
1. e4 e5 2. Bc4 Nc6 3. Nc3 Nf6 4. h3 Bc5 5. Nf3 a6 6. Ng5 O-O 7. Nxf7 Rxf7 8.
Bxf7+ Kxf7 9. Nd5 Nxe4 10. Qf3+ Nf6 11. Nxf6 Qxf6 12. Qxf6+ Kxf6 13. O-O Kf7
14. d3 d6 15. Re1 Nd4 16. Rb1 Nxc2 17. Re2 Nd4 18. Re4 Bf5 19. Rh4 h6 20. Bxh6
Bxd3 21. Be3 Bxb1 22. Bxd4 Bxd4 23. Rg4 Bxa2 24. Rg3 Bxb2 25. Re3 Bd4 26. Ra3
Be6 27. Rd3 Kg8 28. Kh2 Bxf2 29. Rf3 Rf8 30. Rxf8+ Kxf8 31. g4 a5 32. Kg2 Bh4
33. Kf1 a4 34. Ke2 a3 35. Kd2 a2 36. Kc2 a1=Q 37. Kd3 Qd4+ 38. Kc2 Qc4+ 39. Kd2
Bg5+ 40. Kd1 Qc3 41. h4 Bxg4# 0-1

[Event "Open Nuevo Centro. Jornada 3"]
[Site "Chess.com"]
[Date "2020.07.03"]
[Round "7"]
[White "Casado Andreu, David"
[Black "Albuixech Sanz, Jorge"
[Result "0-1"]
[WhiteElo "1495"]
[BlackElo "1754"]
[PlyCount "66"]
[EventDate "2020.??.??"]
1. e4 c5 2. Nf3 d6 3. d4 cxd4 4. Nxd4 Nf6 5. Nc3 a6 6. Bc4 e6 7. Bb3 Be7 8. O-O
O-O 9. f4 Nc6 10. Kh1 Nxd4 11. Qxd4 Qc7 12. Qe3 b5 13. f5 exf5 14. exf5 Re8 15.
Qf3 Bb7 16. Qg3 Qc6 17. Bf4 d5 18. Rad1 Rad8 19. Be5 b4 20. Bxf6 Bxf6 21. Nxd5
Be5 22. Qg4 Rd6 23. f6 Bxf6 24. Nxf6+ Rxf6 25. Rxf6 Qxf6 26. Qd7 Bc6 27. Qd3
Bb5 28. Qg3 h5 29. h3 h4 30. Qg4 Be2 31. Qd7 Bb5 32. Qd5 Bc6 33. Qg5 Qxg5 0-1

[Event "Open Nuevo Centro. Jornada 3"]
[Site "Chess.com"]
[Date "2020.07.03"]
[Round "7"]
[White "Mart�nez Carvajal, Juan Francisco"
[Black "Conejero Mart�nez, V�ctor"
[Result "1-0"]
[WhiteElo "1737"]
[BlackElo "1463"]
[PlyCount "77"]
[EventDate "2020.??.??"]
1. Nf3 c5 2. c4 e6 3. g3 Nf6 4. Bg2 Be7 5. d4 cxd4 6. Nxd4 Nc6 7. O-O O-O 8.
Nc3 Rb8 9. a3 Ne5 10. Bf4 Bd6 11. Ndb5 Qb6 12. Qxd6 Qxd6 13. Nxd6 Nc6 14. b4
Nd4 15. Nxf7 Ra8 16. Nd6 Ng4 17. Nxb7 e5 18. Bg5 Bxb7 19. Bxb7 Rae8 20. Rad1
Ne6 21. Bc1 Nc7 22. Nd5 Nxd5 23. Bxd5+ Kh8 24. h3 Nf6 25. Bg2 e4 26. Bf4 Nh5
27. Bd6 Rf6 28. c5 Rfe6 29. Rd5 Nf6 30. Rf5 e3 31. f3 g6 32. Rg5 Nh5 33. Kh2
Ra8 34. f4 Rae8 35. Bd5 Rf6 36. Re5 Rc8 37. Re7 Rff8 38. Be5+ Ng7 39. Bxg7# 1-0